000 00304nam a22001337a 4500
008 170201b xxu||||| |||| 00| 0 eng d
020 _a9780896037557
041 _aeng
080 _a61
100 _a3
101 _ashm
245 _aDIABETES AND CARDIOVASCULAR DIASES
_cJOHNSTONE M.T
942 _2udc
_cBK
999 _c4170
_d4170